000 00460nam a2200181Ia 4500
005 20250423101033.0
008 250422s9999 xx 000 0 und d
020 _a9780073269696
050 _aHG 4521 .E67/
100 _aEpplin, Maryellen
245 0 _aStudent problem manual for use with Investments
260 _aBoston
260 _bMcGraw- Hill
260 _c2008
300 _a199 p
650 _aInvestments. Portfolio management.
942 _cBK
999 _c35091
_d35091